00726nam a2200169 a 4500008004100000050001700041100003100058245007000089260006000159300001500219350000900234650002900243650004000272995010000312999001700412952012700429100622s2001 ||||||||||||||||| || u aFIN EURO(02) aMediaenkeli, Tina Sandberg10aBasic schooling in Helsinkicedited by Tiina Sandberg Mediaenkeli aHelsinki:bCity of Helsinki, education departmentc2001 a14p.: ill. a0.00 aBASIC EDUCATION--FINLAND 0aEDUCATIONAL TESTS AND MEASUREMENTS  D0.00FCBU-MAIN LIBRARY (Kitwe)H1I0.00M1UAVAILABLEWJun 22, 2010ZInternational Publications c35611d35611 00102lcc4070a001b001cInternational Publicationsd2022-11-30l0oFIN EURO(02)pZ03006586r2022-11-30w2022-11-30y002